000 00468nam a2200181Ia 4500
001 24435
005 20260414151043.0
008 260414t2017||||xx |||||||||||||| ||spa||
041 _aESP
082 _a345.7
_bM42
100 _aMendoza Ramírez, Enrique
_eAUT
245 0 _aEl debido proceso :
_bqué reglas está aplicando la Corte Suprema
260 _c2017
300 _a135 páginas :
_c24 cm.
650 _aDER
654 _aCDE
942 _cLIB
_dJUS
_fJUS
_2ddc
_n
999 _c24435
_d24435